<?xml version="1.0" encoding="UTF-8"?>
<marc:record xmlns:marc="http://www.loc.gov/MARC21/slim">
   <marc:leader>00000nam a2200000 a 4500</marc:leader>
   <marc:datafield ind1="1" ind2=" " tag="100">
      <marc:subfield code="a">Tschorn, Laura</marc:subfield>
      <marc:subfield code="4">aut</marc:subfield>
      <marc:subfield code="e">Verfasser/-in</marc:subfield>
   </marc:datafield>
   <marc:datafield ind1=" " ind2=" " tag="653">
      <marc:subfield code="a">Meer</marc:subfield>
   </marc:datafield>
   <marc:datafield ind1=" " ind2=" " tag="653">
      <marc:subfield code="a">ausergewöhnliche Tiere</marc:subfield>
   </marc:datafield>
   <marc:datafield ind1=" " ind2=" " tag="653">
      <marc:subfield code="a">seltsame tiere</marc:subfield>
   </marc:datafield>
   <marc:datafield ind1=" " ind2=" " tag="653">
      <marc:subfield code="a">seltene tiere</marc:subfield>
   </marc:datafield>
   <marc:datafield ind1=" " ind2=" " tag="653">
      <marc:subfield code="a">komische tiere</marc:subfield>
   </marc:datafield>
   <marc:datafield ind1="0" ind2="0" tag="245">
      <marc:subfield code="a">Stacheln, Schleim &amp; spitze Zähne! Mein Bestiarium der außergewöhnlichen Tiere</marc:subfield>
   </marc:datafield>
   <marc:datafield ind1="0" ind2="0" tag="245">
      <marc:subfield code="b">Bombardierkäfer - Neunauge - Feuersalamander - Fingertier - Haarfrosch - Mähnenratte - Blattschwanzgecko - Hirscheber - Schildschnabel - Sanduhrspinne - Pistolenkrebs - Schmuckbaumnatter - Sternmull - Opossum - Texas-Kötenechse - Gemeiner Vampir - Glasfro</marc:subfield>
   </marc:datafield>
   <marc:datafield ind1="0" ind2="0" tag="245">
      <marc:subfield code="c">Laura Tschorn</marc:subfield>
   </marc:datafield>
   <marc:datafield ind1=" " ind2="1" tag="264">
      <marc:subfield code="a">Hamburg</marc:subfield>
      <marc:subfield code="b">Jumbo</marc:subfield>
      <marc:subfield code="c">2026</marc:subfield>
   </marc:datafield>
   <marc:datafield ind1=" " ind2=" " tag="250">
      <marc:subfield code="a">1. Auflage</marc:subfield>
   </marc:datafield>
   <marc:datafield ind1="1" ind2=" " tag="520">
      <marc:subfield code="a">Die ekligsten, gefährlichsten und verrücktesten Tiere der Welt  ein spannendes Sachbuch für Kinder ab 6 Jahren &lt;br/&gt;Schon mal von Gespensterfischen, Yeti-Krabben oder dem Dornteufel gehört? In diesem außergewöhnlichen Tierbuch entdecken Kinder die seltsamsten, ekligsten und gefährlichsten Tiere der Welt  und lernen dabei faszinierende Fakten, die garantiert für Staunen sorgen. Wusstest du, dass manche Eidechsen Blut aus ihren Augen schießen oder Ameisen bei Gefahr explodieren? Dieses unterhaltsame Sachbuch steckt voller spannender und überraschender Tiergeschichten, die Kinder begeistern.  Entdecke 26 ungewöhnliche Tiere mit unglaublichen Fähigkeiten Spannende Tierfakten  perfekt für neugierige Kinder Großformatige, detailreiche Illustrationen für extra viel Entdeckerspaß&lt;br/&gt;&lt;br/&gt; Mit viel Grundschulwissen</marc:subfield>
   </marc:datafield>
   <marc:datafield ind1=" " ind2=" " tag="020">
      <marc:subfield code="a">9783833750700</marc:subfield>
      <marc:subfield code="9">9783833750700</marc:subfield>
   </marc:datafield>
   <marc:datafield ind1=" " ind2=" " tag="041">
      <marc:subfield code="a">ger</marc:subfield>
   </marc:datafield>
   <marc:datafield ind1=" " ind2=" " tag="300">
      <marc:subfield code="b">Illustrationen</marc:subfield>
   </marc:datafield>
   <marc:datafield ind1="1" ind2=" " tag="521">
      <marc:subfield code="a">0</marc:subfield>
   </marc:datafield>
   <marc:datafield ind1=" " ind2=" " tag="300">
      <marc:subfield code="a">75 Seiten</marc:subfield>
   </marc:datafield>
</marc:record>
